Normal view
MARC view
Entry Personal Name
001 - CONTROL NUMBER
- control field: 39224
003 - CONTROL NUMBER IDENTIFIER
- control field: dpl
005 - DATE AND TIME OF LATEST TRANSACTION
- control field: 20120116110541.0
008 - FIXED-LENGTH DATA ELEMENTS
- fixed length control field: 120116|||a|||||| | ||| d
040 ## - CATALOGING SOURCE
- Original cataloging agency: dpl
- Transcribing agency: dpl
100 ## - HEADING--PERSONAL NAME
- Personal name: Jang, Michael H.
670 ## - SOURCE DATA FOUND
- Source citation: Work cat.: (dpl)0: Jang, Michael H., RHCSA/RHCE Red Hat Linux certification study guide :, c2011
670 ## - SOURCE DATA FOUND
- Source citation: Work cat.: (dpl)0: Jang, Michael H., RHCSA/RHCE Red Hat Linux certification study guide :, c2011
